<?xml version="1.0" encoding="UTF-8"?>
<collection xmlns="http://www.loc.gov/MARC21/slim">
 <record>
  <leader>02003nam a22002537a 4500</leader>
  <controlfield tag="001">NCT_4_016788</controlfield>
  <controlfield tag="008">250121b        xxu||||| |||| 00| 0 vie d</controlfield>
  <datafield tag="999" ind1=" " ind2=" ">
   <subfield code="c">8804</subfield>
   <subfield code="d">8804</subfield>
  </datafield>
  <datafield tag="020" ind1=" " ind2=" ">
   <subfield code="a">9786049732461</subfield>
   <subfield code="c">82000</subfield>
  </datafield>
  <datafield tag="082" ind1="0" ind2="4">
   <subfield code="2">23rd ed.</subfield>
   <subfield code="a">658.452</subfield>
   <subfield code="b">L833</subfield>
  </datafield>
  <datafield tag="100" ind1="1" ind2=" ">
   <subfield code="a">Loh, Bẹnamin</subfield>
  </datafield>
  <datafield tag="245" ind1="1" ind2="0">
   <subfield code="a">Inspirit - Nghệ thuật truyền cảm hứng</subfield>
   <subfield code="b">: 12 chiến lược để thuyết trình hiệu quả</subfield>
   <subfield code="c">Benjamin Loh ; Đức Thái (dịch)</subfield>
  </datafield>
  <datafield tag="260" ind1=" " ind2=" ">
   <subfield code="a">H.</subfield>
   <subfield code="b">Thanh niên</subfield>
   <subfield code="c">2018</subfield>
  </datafield>
  <datafield tag="300" ind1=" " ind2=" ">
   <subfield code="a">259 tr.</subfield>
   <subfield code="c">Minh họa</subfield>
   <subfield code="b">21cm </subfield>
  </datafield>
  <datafield tag="520" ind1="3" ind2=" ">
   <subfield code="a">Đưa ra một phương pháp luận giúp các doanh nhân chuẩn bị và truyền tải thành công bài thuyết trình huy động vốn nhiều rủi ro tới những khách hàng mục tiêu của mình, đồng thời cung cấp những kiến thức có tính ứng dụng cao, thiết thực đối với các doanh nhân, những người đang chuẩn bị cho bài diễn thuyết trước công chúng của mình.</subfield>
  </datafield>
  <datafield tag="653" ind1=" " ind2=" ">
   <subfield code="a">Truyền thông đa phương tiện</subfield>
  </datafield>
  <datafield tag="700" ind1="1" ind2=" ">
   <subfield code="a">Đức Thái</subfield>
   <subfield code="e">Dịch</subfield>
  </datafield>
  <datafield tag="942" ind1=" " ind2=" ">
   <subfield code="2">ddc</subfield>
   <subfield code="c">BK</subfield>
  </datafield>
  <datafield tag="952" ind1=" " ind2=" ">
   <subfield code="0">0</subfield>
   <subfield code="1">0</subfield>
   <subfield code="2">ddc</subfield>
   <subfield code="4">0</subfield>
   <subfield code="6">658_452000000000000_L833</subfield>
   <subfield code="7">0</subfield>
   <subfield code="9">30280</subfield>
   <subfield code="a">000001</subfield>
   <subfield code="b">000001</subfield>
   <subfield code="d">2025-01-21</subfield>
   <subfield code="o">658.452 L833</subfield>
   <subfield code="p">MD.23299</subfield>
   <subfield code="r">2025-01-21</subfield>
   <subfield code="v">82000.00</subfield>
   <subfield code="w">2025-01-21</subfield>
   <subfield code="y">BK</subfield>
  </datafield>
  <datafield tag="952" ind1=" " ind2=" ">
   <subfield code="0">0</subfield>
   <subfield code="1">0</subfield>
   <subfield code="2">ddc</subfield>
   <subfield code="4">0</subfield>
   <subfield code="6">658_452000000000000_L833</subfield>
   <subfield code="7">0</subfield>
   <subfield code="9">30281</subfield>
   <subfield code="a">000001</subfield>
   <subfield code="b">000001</subfield>
   <subfield code="d">2025-01-21</subfield>
   <subfield code="o">658.452 L833</subfield>
   <subfield code="p">MD.23300</subfield>
   <subfield code="r">2025-01-21</subfield>
   <subfield code="v">82000.00</subfield>
   <subfield code="w">2025-01-21</subfield>
   <subfield code="y">BK</subfield>
  </datafield>
  <datafield tag="952" ind1=" " ind2=" ">
   <subfield code="0">0</subfield>
   <subfield code="1">0</subfield>
   <subfield code="2">ddc</subfield>
   <subfield code="4">0</subfield>
   <subfield code="6">658_452000000000000_L833</subfield>
   <subfield code="7">0</subfield>
   <subfield code="9">30282</subfield>
   <subfield code="a">000001</subfield>
   <subfield code="b">000001</subfield>
   <subfield code="d">2025-01-21</subfield>
   <subfield code="o">658.452 L833</subfield>
   <subfield code="p">MD.23331</subfield>
   <subfield code="r">2025-01-21</subfield>
   <subfield code="v">82000.00</subfield>
   <subfield code="w">2025-01-21</subfield>
   <subfield code="y">BK</subfield>
  </datafield>
  <datafield tag="952" ind1=" " ind2=" ">
   <subfield code="0">0</subfield>
   <subfield code="1">0</subfield>
   <subfield code="2">ddc</subfield>
   <subfield code="4">0</subfield>
   <subfield code="6">658_452000000000000_L833</subfield>
   <subfield code="7">0</subfield>
   <subfield code="9">30283</subfield>
   <subfield code="a">000001</subfield>
   <subfield code="b">000001</subfield>
   <subfield code="d">2025-01-21</subfield>
   <subfield code="o">658.452 L833</subfield>
   <subfield code="p">MD.23332</subfield>
   <subfield code="r">2025-01-21</subfield>
   <subfield code="v">82000.00</subfield>
   <subfield code="w">2025-01-21</subfield>
   <subfield code="y">BK</subfield>
  </datafield>
  <datafield tag="952" ind1=" " ind2=" ">
   <subfield code="0">0</subfield>
   <subfield code="1">0</subfield>
   <subfield code="2">ddc</subfield>
   <subfield code="4">0</subfield>
   <subfield code="6">658_452000000000000_L833</subfield>
   <subfield code="7">0</subfield>
   <subfield code="9">30284</subfield>
   <subfield code="a">000001</subfield>
   <subfield code="b">000001</subfield>
   <subfield code="d">2025-01-21</subfield>
   <subfield code="o">658.452 L833</subfield>
   <subfield code="p">MD.23333</subfield>
   <subfield code="r">2025-01-21</subfield>
   <subfield code="v">82000.00</subfield>
   <subfield code="w">2025-01-21</subfield>
   <subfield code="y">BK</subfield>
  </datafield>
  <datafield tag="980" ind1=" " ind2=" ">
   <subfield code="a">Thư viện Trường Đại học Nam Cần Thơ</subfield>
  </datafield>
 </record>
</collection>
